The Office (U.S. Version) Episodes - Statistics

General Stats
  • This quiz has been taken 5,470 times
    5,463 since last reset
  • The average score is 52 of 185
Answer Stats
Season 1 % Correct
{Pilot}
90%
{Diversity} Day
80%
Gay {Witch} Hunt
78%
{Booze} Cruise
74%
{Scott's} Tots
74%
Take Your {Daughter} to Work Day
73%
Did I {Stutter}?
68%
Goodbye, {Toby}
68%
{Koi} Pond
66%
Hot {Girl}
65%
{Boys} and Girls
64%
{Goodbye}, Michael
64%
{Michael} {Scott} Paper Company
64%
Performance {Review}
64%
Michael's {Last} Dundies
63%
{Health} Care
61%
{Dwight} Christmas
60%
Sexual {Harassment}
60%
Todd {Packer}
58%
{Casino} Night
54%
{Chair} Model
54%
Office {Olympics}
54%
Dunder Mifflin {Infinity}
52%
{New} Boss
52%
{Branch} Wars
50%
Livin' the {Dream}
50%
The {Dundies}
50%
{Beach} Games
49%
{Phyllis'} Wedding
49%
{Basketball}
48%
{Christmas} Party
48%
The {Inner} Circle
46%
{Weight} Loss
46%
{Casual} Friday
45%
Company {Picnic}
45%
{Finale}
45%
{Dwight's} Speech
44%
{Email} Surveillance
44%
{Golden} Ticket
44%
Branch {Closing}
43%
{Drug} Testing
43%
A {Benihana} Christmas
42%
{Grief} Counseling
42%
{Sex} Ed
42%
{Stress} Relief
42%
{Traveling} Salesmen
42%
Blood {Drive}
41%
{Moroccan} Christmas
41%
Dwight K. Schrute, ({Acting}) {Manager}
40%
{WUPHF}.com
40%
{Dinner} Party
39%
{Busines} School
38%
{Conflict} Resolution
37%
{Crime} Aid
37%
Search {Committee}
37%
{Andy's} Play
36%
Michael's {Birthday}
36%
{Two} Weeks
36%
Back from {Vacation}
35%
{Launch} Party
35%
Product {Recall}
35%
The {Merger}
35%
{Work} Bus
35%
The {Fire}
34%
{Fun} {Run}
33%
The {Job}
33%
{A}.{A}.{R}.{M}.
32%
Here Comes {Treble}
32%
{Lecture} Circuit
32%
Baby {Shower}
31%
{Pam's} Replacement
31%
{Prince} {Family} Paper
31%
The {Alliance}
31%
{Women's} Appreciation
31%
{Happy} Hour
30%
Job {Fair}
30%
Last Day in {Florida}
30%
Mrs. {California}
30%
{Halloween}
29%
Secret {Santa}
29%
The {Secret}
29%
{Garage} Sale
28%
{Roy's} Wedding
28%
{Double} Date
27%
{Frame} Toby
27%
{Local} Ad
27%
{Niagara}
27%
{Sabre}
26%
{Survivor} Man
26%
{Valentine's} Day
25%
{Safety} Training
24%
The {Coup}
24%
Business {Ethics}
23%
{Classy} Christmas
23%
Employee {Transfer}
23%
{Jury} Duty
23%
{Body} Language
22%
{Diwali}
21%
The {Injury}
21%
The {Meeting}
21%
{After} Hours
19%
{Costume} Contest
19%
New {Guys}
19%
{Threat} {Level} {Midnight}
19%
The {Fight}
18%
{Training} Day
18%
Business {Trip}
17%
{Gossip}
17%
{Heavy} Competition
17%
{Pool} Party
17%
The {Client}
17%
{Cafe} {Disco}
16%
Customer {Survey}
16%
{Money}
16%
The {Convict}
16%
The {Return}
16%
{Broke}
15%
Couples {Discount}
15%
{Nepotism}
15%
Paper {Airplane}
15%
{Special} Project
15%
The {Carpet}
15%
The {Convention}
15%
The {Manager} and the {Salesman}
15%
The {Search}
15%
{Angry} Andy
14%
{Mafia}
14%
{Shareholder} Meeting
14%
Suit {Warehouse}
14%
{Test} the Store
14%
The {Boat}
14%
{Counseling}
13%
{Free} Family {Portrait} Studio
13%
{Garden} Party
13%
{St. Patrick's} Day
13%
{Tallahassee}
13%
The {Delivery}
13%
The {Deposition}
13%
The {Duel}
12%
{Welcome} Party
12%
{Ben} {Franklin}
11%
The {Lover}
11%
Andy's {Ancestry}
10%
{Dream} {Team}
10%
{Moving} On
10%
New {Leads}
10%
{PDA}
10%
{Secretary's} Day
10%
The {List}
10%
{Turf} War
10%
Christmas {Wishes}
9%
{Cocktails}
9%
{Gettysburg}
9%
{Initiation}
9%
{Murder}
9%
{Night} {Out}
9%
The {Banker}
9%
The {Negotiation}
9%
The {Promotion}
9%
The {Sting}
9%
The {Surplus}
9%
{Viewing} Party
9%
{Whistleblower}
9%
Customer {Loyalty}
8%
{Junior} Salesman
8%
The {Chump}
8%
The {Cover}-{Up}
8%
The {Farm}
8%
The {Seminar}
8%
The {Whale}
8%
(Get} the Girl
7%
{Lice}
7%
The {Incentive}
7%
{Trivia}
7%
{Ultimatum}
7%
{China}
6%
{Christening}
6%
{Stairmageddon}
6%
{Lotto}
5%
{Doomsday}
4%
{Fundraiser}
4%
{Promos}
4%
{Spooked}
4%
The {Target}
4%
{Vandalism}
4%
No matching quizzes found
Score Distribution
Percent of People with Each Score
Percentile by Number Answered
Your Score History
You have not taken this quiz since the last reset